Władcy Przed Mieszkiem I - Statystyki

Ogólne statystyki
  • Ten quiz został rozwiązany 38 razy
  • Średni wynik to 5 z 8
Statystyki odpowiedzi
Odpowiedź % Poprawnych
Siemomysł
89%
Siemowit
84%
Lestek
78%
Popiel I
68%
Popiel II
68%
Leszko I
24%
Leszko II
24%
Leszko III
24%
Nie znaleziono quizów pasujących do podanych kryteriów
Rozkład punktacji
Procent ludzi z każdym wynikiem
Percentyl według liczby udzielonych odpowiedzi
Twoja historia wyników
Nie rozwiązałeś tego quizu